000 00682nam a2200193Ia 4500
008 151119s9999||||xx |||||||||||||| ||und||
082 _a306
082 _bGKKV17386
100 _aनार्वेकर श्रीधर
245 _aसामंजस्याने कामजीवन फुलवा
260 _a--
260 _b--
260 _c1997
600 _aनार्वेकर श्रीधर
630 _aसामंजस्याने कामजीवन फुलवा
700 _aनार्वेकर श्रीधर
730 _aसामंजस्याने कामजीवन फुलवा
942 _cBOOK
999 _c1070561
_d1070558